Monster Hunter Rise / Sunbreak - Monster Titles - Statistics

General Stats
  • This quiz has been taken 76 times
  • The average score is 9 of 20
Answer Stats
Title Monster % Correct
Source of the Rampage Narwa the Allmother
100%
King of the Skies Rathalos
100%
Star of Despair Crimson Glow Valstrax
80%
Blank Stare Khezu
80%
Wandering Widow Rakna-Kadaki
80%
Emperor of Flame Teostra
80%
Crimson Cannonball Volvidon
80%
Breath of Ire Wind Serpent Ibushi
75%
Legend Resurrected Primordial Malzeno
71%
Bright Eclipse Shagaru Magala
71%
Abyssal Archdemon Gaismagorm
67%
Dark Eclipse Gore Magala
67%
Wandering Malformation Chaotic Gore Magala
63%
Slicing Scales Seregios
63%
Soporific Siren Somnacanth
63%
Pouncing Shadow Nargacuga
60%
Trinity of Terror Great Izuchi
57%
Bewitching Dancer Mizutsune
57%
Amphibious Wrestler Tetranadon
56%
Hermit of the Swamp Almudron
50%
Tyrant of the Desert Diablos
50%
Super Simian Furious Rajang
50%
The Limb Reaper Goss Harag
50%
Shadow Upon the Tempest Kushala Daora
50%
Barbarous Beast Magnamalo
50%
Queen of the Land Rathian
50%
Ultimate Malice Scorned Magnamalo
50%
Lady of Lightning Thunder Serpent Narwa
50%
Absolute Power Tigrex
50%
Lord of Lightning Zinogre
50%
Scarlet Feast Malzeno
44%
Dance of Eldritch Flame Violet Mizutsune
44%
Feathered Frenzy Aknosom
43%
Looming Calamity Amatsu
43%
Shelled Sovereign Daimyo Hermitaur
43%
Illustrious Queen Gold Rathian
43%
Scorching Mud Magma Almudron
43%
Thunderous Rage Astalos
40%
Wasteland Warrior Barroth
40%
Bellowing Boulder Basarios
40%
Venomous Commander Great Wroggi
40%
Ovivore Outlaw Kulu-Ya-Ku
40%
Argent Emperor Silver Rathalos
40%
Flying Sparks Tobi-Kadachi
40%
Lord of Ice Velkhana
40%
Frenetic Ascetic Bishaten
33%
Moonlit Shadow Lucent Nargacuga
33%
Ancient Phantom Chameleos
29%
Party Crasher Bazelgeuse
25%
Wandering Colossus Garangolm
25%
Sinister Swamp Shadow Jyuratodus
25%
Moonlight Nocturne Lunagaron
22%
Seductive Siren Aurora Somnacanth
20%
Flurry of Frosted Fangs Barioth
20%
Dismal Jester Blood-Orange Bishaten
20%
Gluttonous Gullet Pukei-Pukei
17%
Death from Above Seething Bazelgeuse
17%
Bloodlust Incarnate Arzuros
14%
Parching Puppeteer Pyre Rakna-Kadaki
13%
Relentless Ruffian Anjanath
9%
Forbidden Venom Espinas
0%
Passionate Poisoner Flaming Espinas
0%
Cunning Usurper Great Baggi
0%
Silver Slider Lagombi
0%
Destruction Incarnate Rajang
0%
Mane Contender Royal Ludroth
0%
Final Flash Shogun Ceanataur
0%
No matching quizzes found
Score Distribution
Percent of People with Each Score
Percentile by Number Answered
Your Score History
You have not taken this quiz